Normal view
MARC view
- DE-MECH-40
Entry Topical Term
001 - CONTROL NUMBER
- control field: 100340
003 - CONTROL NUMBER IDENTIFIER
- control field: NUST
005 - DATE AND TIME OF LATEST TRANSACTION
- control field: 20221014151829.0
008 - FIXED-LENGTH DATA ELEMENTS
- fixed length control field: 221014|| aca||aabn | a|a d
040 ## - CATALOGING SOURCE
- Original cataloging agency: NUST
- Transcribing agency: NUST
150 ## - HEADING--TOPICAL TERM
- Topical term or geographic name entry element: DE-MECH-40
670 ## - SOURCE DATA FOUND
- Source citation: Work cat.: (NUST): Muhammad Shariz Abdullah Nasir Munam Ali Haider Ali 100338, PR-SOF-2150-Design and Fabrication of Passive PCM Heat Exchanger For Indoor Temperature Stabilization, 2022.
